00309nam a2200121Ia 4500008004100000100001600041245004600057260003800103300000900141650001200150942000800162999001700170190216s9999||||xx |||||||||||||| ||und|| aRajendran N 0aEstablishment Of British Power In Malabar b"Chugh Publications, India"c1979 a292p aHistory cREF c35956d35956